000 00608nam a2200229 a 4500
999 _c8274
_d8274
001 8274
003 BD-JhCC
005 20180220121508.0
008 180220s1969 u a|||| || | 000 0 eng d
035 _a(BD-JhCC)8274
040 _aBD-JhCC
_dBD-JhCC
041 _aeng
082 _a301
_bBIE 1969
100 _aBiesanz, John
245 _aIntroduction to Sociology /
_cJohn Biesanz,
260 _anew Jersey :
_bPrentice-Hall, Inc.
_c1969.
300 _a214 p. :
_bill. ;
_c24 cm.
650 _aSociology
_xStudy and Teaching
700 _aJohn Biesanz&Navis Biesanz
942 _2ddc
_cBK